000 00490nam a2200205Ia 4500
005 20240823014714.0
008 240823s9999||||xx |||||||||||||| ||und||
020 _a0 85226 758 4
041 _aENGLISH
082 _A621.317 P4
100 _aRavindranath B
245 0 _aPower System Protection and Switchgear
250 _a1st
260 _c2004
_b"New Age,New "
500 _aYES
650 _aPower System
_bElectrical
700 _a Chander M
942 _cBK
999 _c170710
_d170710